1869 1215 1927 1564 1434 1421 1431 1255 1246 1579 1060 1045 1928 1548 1045 1632 1904 1250 1182 1660 1002 1593 1661 1280 1226 1862 1074 1393 1302 1227 1978 1263 1708 1711 1327 1506 1451 1765 1948 1019 1904 1460 1789 1980 1794 1439 1066 1652 1215 1664 1733 1874 1269 1295 1684 1391 1195 1565 1704 1074 1751 1268 1216 1592 1283 1975 1425 1199 1487 1912 1808 1758 1153 1986 1867 1355 1575 1435 1544 1222 1282 1843 1045 1402 1536 1703 1617 1346 1782 1628 1392 1265 1606 1758 1727 1979 1176 1717 1864 BCNSPRNW ULIB Ver.6.0+V

เปลี่ยนเป็นภาษาไทย

Change to English
 แสดงรายละเอียดบรรณานุกรม
  กลับหน้าหลัก

Brief Record : Get Marc (ISO 2709) : E-mail record : QR code < ปิดหน้าต่าง
LEADER : 00000nam 2200000uu 4500
001    13399120574
003     ULIB
008    120927s2549||||th 000 0 tha d
020    ^a9745068713(ล.2)
020    ^a9789745068711(ล.2)
060 04 ^aWY100^bอ253ค ล2
100 0  ^aอภิญญา เพียรพิจารณ์
245 10 ^aคู่มือปฏิบัติการพยาบาล ^nเล่ม 2 /^cอภิญญา เพียรพิจารณ์
250    ^aพิมพ์ครั้งที่ 1
260    ^aนนทบุรี :^bโครงการสวัสดิการวิชาการ สถาบันพระบรมราชชนก,^c2549
300    ^a291 หน้า :^bภาพประกอบ
504    ^aมีบรรณานุกรมและดัชนี
650  7 ^aการพยาบาล^vคู่มือ
710 2  ^aสถาบันพระบรมราชชนก. ^bโครงการสวัสดิการวิชาการ
945    ^p270^l0^i24705
995    ^aวิภา
999    ^aทศพร เกษรทอง
รายการนี้ยังไม่มีแท็ก
คุณยังไม่ได้ล็อกอิน คุณสามารถมีกิจกรรมร่วมกับเว็บไซต์ได้ แต่ต้องล็อกอินก่อน ::
  ล็อกอิน

รายการสื่อสารสนเทศ

ลำดับที่ ประเภท เลขเรียก/บาร์โค้ด สถานที่ สถานะ
1. วิทยาศาสตร์การแพทย์ และสุขภาพ
วิทยาศาสตร์การแพทย์ และสุขภาพ
WY100 อ253ค ล2  
  Barcode: 24705
ห้องสมุดวิทยาเขตสวรรค์ประชารักษ์
►หนังสือทั่วไป
บนชั้น

รายการใกล้เคียง
    ผู้แต่ง [อภิญญา เพียรพิจารณ์]

BibComment


ยังไม่เคยถูกคอมเมนท์

คอมเมนท์ทรัพยากรรายการนี้
  คอมเมนท์: คู่มือปฏิบัติการ..


 Copyright 2026. Bcnsprnw @Library